| 000 | 00681nam a22002177a 4500 | ||
|---|---|---|---|
| 999 |
_c9639 _d9639 |
||
| 001 | 9639 | ||
| 003 | BD-JhCC | ||
| 005 | 20180321134830.0 | ||
| 008 | 180321b1983 bg ||||| |||| 00| 0 ben d | ||
| 035 | _a(BD-JhCC)9639 | ||
| 040 |
_aBD-JhCC _dBD-JhCC |
||
| 041 | _aben | ||
| 082 |
_a352.004 _bANI 1983 |
||
| 100 | _aআনিসুজ্জামান, এম | ||
| 245 |
_aউপজেলা পরিষদ ম্যানুয়েল / _cএম আনিসুজ্জামান |
||
| 260 |
_aঢাকা : _bখোশরোজ কিতাব মহল _c1983. |
||
| 300 |
_a114 p. : _c20cm. |
||
| 650 | _aPublic Administration | ||
| 942 |
_2ddc _cBK |
||